000 01005nam a2200217Ia 4500
003 GCL
008 140319s9999 xx 000 0 ara d
040 _aGCL /
_cGCL
082 0 4 _a263.5
_bع ف
100 1 _aابوالعلا عفيفى
245 1 0 _aفصوص الحكم للشيخ الاكبر محىالدين عربى المتوفى سنة 638 هجرية والتعليقات عليه /
_cابوالعلا عفيفى
700 1 _aابن العربى : محيى الدين ابو بكر محمد بن على بن محمد بن احمد بن عبدالله الحاتمى الطائى الاندلسى
260 _aبيروت :
_bدار الكتاب العربى ،
_c1980
300 _a374 ص ؛
_c24 سم
490 _aالهيئة العامة للاستعلامات
_v0
650 0 4 _aالفلسفة الاسلامية
650 0 4 _aالفلسفة
650 0 4 _aالتصوف الاسلامى
650 0 4 _aابن العربى، محيى الدين بكر، 1165-1240م
942 _2ddc
_cBK
999 _c51616
_d51616